ARRUPE JESUIT UNIVERSITY

CORONAVIRUS -STOP THE SPREAD - CLEAN,DISINFECT,COVER

The making of poverty in South Africa / (Record no. 125395)

MARC details
000 -LEADER
fixed length control field 01122cam a2200325 a 4500
001 - CONTROL NUMBER
control field 12459628
003 - CONTROL NUMBER IDENTIFIER
control field ARRUPE
005 - DATE AND TIME OF LATEST TRANSACTION
control field 20160928121143.0
008 - FIXED-LENGTH DATA ELEMENTS--GENERAL INFORMATION
fixed length control field 010504s2000 rh b b 000 0 eng
010 ## - LIBRARY OF CONGRESS CONTROL NUMBER
LC control number 2001295222
020 ## - INTERNATIONAL STANDARD BOOK NUMBER
International Standard Book Number 1779051115
035 ## - SYSTEM CONTROL NUMBER
System control number (DLC) 200129522
040 ## - CATALOGING SOURCE
Original cataloging agency DLC
Transcribing agency DLC
042 ## - AUTHENTICATION CODE
Authentication code lcode
043 ## - GEOGRAPHIC AREA CODE
Geographic area code f-sa---
050 00 - LIBRARY OF CONGRESS CALL NUMBER
Classification number HC905.Z9
Item number P6198 1998
300 ## - PHYSICAL DESCRIPTION
Other physical details maps ;
Dimensions 21 cm.
100 1# - MAIN ENTRY--PERSONAL NAME
Personal name Setai, Bethuel.
9 (RLIN) 26333
245 14 - TITLE STATEMENT
Title The making of poverty in South Africa /
Statement of responsibility, etc B. Setai.
260 ## - PUBLICATION, DISTRIBUTION, ETC. (IMPRINT)
Place of publication, distribution, etc Mount Pleasant, Harare, Zimbabwe :
Name of publisher, distributor, etc SAPPHO,
Date of publication, distribution, etc 1998.
300 ## - PHYSICAL DESCRIPTION
Extent iii, 182 p. :
440 #0 - SERIES STATEMENT/ADDED ENTRY--TITLE
Title Southern Africa specialised studies series
9 (RLIN) 23046
500 ## - GENERAL NOTE
General note "Southern Africa Regional Institute for Policy Studies"--Ser. t.p.
504 ## - BIBLIOGRAPHY, ETC. NOTE
Bibliography, etc Includes bibliographical references.
650 #0 - SUBJECT ADDED ENTRY--TOPICAL TERM
Topical term or geographic name as entry element Poverty
Geographic subdivision South Africa
General subdivision History.
9 (RLIN) 26334
651 #0 - SUBJECT ADDED ENTRY--GEOGRAPHIC NAME
Geographic name South Africa
General subdivision Economic conditions.
9 (RLIN) 21702
710 2# - ADDED ENTRY--CORPORATE NAME
Corporate name or jurisdiction name as entry element Southern Africa Regional Institute for Policy Studies.
9 (RLIN) 23050
906 ## - LOCAL DATA ELEMENT F, LDF (RLIN)
a 7
b cbc
c origode
d 3
e ncip
f 20
g y-gencatlg
942 ## - ADDED ENTRY ELEMENTS (KOHA)
Source of classification or shelving scheme Library of Congress Classification
Koha item type Monograph ( Printed materials)
Holdings
Withdrawn status Lost status Source of classification or shelving scheme Damaged status Not for loan Collection code Home library Current library Shelving location Date acquired Total Checkouts Full call number Barcode Date last seen Price effective from Koha item type
    Library of Congress Classification     Main Collection ARRUPE LIBRARY ARRUPE LIBRARY Main Collection 28/09/2016   HC905.Z9 P6198 1998 46500010049 23/04/2018 28/09/2016 Monograph ( Printed materials)
    Library of Congress Classification     Main Collection ARRUPE LIBRARY ARRUPE LIBRARY Main Collection 20/10/2016   HC905.Z9 P6198 1998 46500010546 23/04/2018 20/10/2016 Monograph ( Printed materials)
    Library of Congress Classification     Main Collection ARRUPE LIBRARY ARRUPE LIBRARY Main Collection 20/10/2016   HC905.Z9 P6198 1998 46500010547 23/04/2018 20/10/2016 Monograph ( Printed materials)

 

Arrupe Library. PO Box MP320 Mt Pleasant, Harare, Zimbabwe
263 242 745411|librarian@aju.ac.zw